Teste de vocabulário - Hino Nacional do Brasil - Statistics

Estatísticas Gerais
  • Esse quiz foi jogado 191 vezes
    190 desde o último reset
  • A pontuação média é 5 de 11
Estatísticas das Respostas
Questão Resposta % Correto
"Deitado eternamente em berço esplêndido". O que significa "esplêndido"? Suntuoso
70%
"E diga o verde-louro dessa flâmula". O que significa "flâmula"? Bandeira
68%
"Ouviram do Ipiranga as margens plácidas". O que significa "plácidas"? Calmas, tranquilas
68%
"De um povo heroico o brado retumbante". O que significa "retumbante"? Que faz muito barulho
60%
"Se o penhor dessa igualdade". O que significa "penhor"? Garantidor
58%
"Fulguras, ó Brasil, florão da América". O que significa "fulguras"? Resplandecer
55%
"És belo, és forte, impávido colosso". O que significa "impávido"? Que não tem medo
43%
"O lábaro que ostentas estrelado". O que significa "lábaro"? Bandeira
40%
"Mas, se ergues da justiça a clava forte". O que significa "clava"? Arma de guerra
30%
"Do que a terra, mais garrida". O que significa "garrida"? Graciosa
28%
"Fulguras, ó Brasil, florão da América". O que significa "florão"? Possui muito valor
20%
Nenhum quiz correspondente encontrado
Distribuição das Pontuações
Porcentagem de Pessoas com Cada Pontuação
Percentil de Números Respondidos
Sua Pontuação Histórica
Você não jogou esse quiz desde o último reset